Closing the floodgates (Record no. 104696)

MARC details
000 -LEADER
fixed length control field 00780cab a2200193 4500
001 - CONTROL NUMBER
control field ##L131242
008 - FIXED-LENGTH DATA ELEMENTS--GENERAL INFORMATION
fixed length control field 050727n2005 000 0 eng u
035 ## - SYSTEM CONTROL NUMBER
System control number (Sirsi) u131242
041 0# - LANGUAGE CODE
Language code of text/sound track or separate title eng
100 1# - MAIN ENTRY--PERSONAL NAME
Personal name Jansen, Mark
245 00 - TITLE STATEMENT
Title Closing the floodgates
260 ## - PUBLICATION, DISTRIBUTION, ETC.
Date of publication, distribution, etc. 2005
490 #0 - SERIES STATEMENT
Series statement Property Week
Volume/sequential designation 70(40) 7 October 2005, 74-76(3)
520 ## - SUMMARY, ETC.
Summary, etc. Examines the proposed consultation on PPG25: "Development and flood risk" and the whole background to flooding issues in the UK. Looks at defence mechanisms already in place, the implementation of PPG25 to new developments, and possible changes that could be made to the law.
590 ## - LOCAL NOTE (RLIN)
Local note IKA251005
650 24 - SUBJECT ADDED ENTRY--TOPICAL TERM
Topical term or geographic name entry element PPG25
690 ## - LOCAL SUBJECT ADDED ENTRY--TOPICAL TERM (OCLC, RLIN)
Topical term or geographic name as entry element ENVIRONMENTAL AND LAND CONSULTANCY-WATER RESOURCE MANAGEMENT-FLOODING
942 ## - ADDED ENTRY ELEMENTS (KOHA)
Suppress in OPAC 0
Holdings
Withdrawn status Lost status Source of classification or shelving scheme Damaged status Not for loan Home library Current library Shelving location Date acquired Total Checkouts Full call number Barcode Date last seen Copy number Price effective from Koha item type
    Dewey Decimal Classification     London London Journal article 10/10/2005   L131242 131242-1001 06/08/2019 1 06/08/2019 Journal article